Model theory for infinitary logic : logic with countable conjunctions and finite quantifiers /
Guardado en:
| Autor Principal: | |
|---|---|
| Formato: | Libro |
| Idioma: | English |
| Publicado: |
Amsterdam :
North-Holland,
1971.
|
| Series: | Studies in logic and the foundations of mathematics ;
v. 62 |
| Etiquetas: |
Agregar Etiqueta
Sin Etiquetas, Sea el primero en etiquetar este registro!
|
| LEADER | 00768nam a22002055a 4500 | ||
|---|---|---|---|
| 001 | MAT.inmabb002422 | ||
| 008 | 711207s1971####ne#######b####001#0#eng#d | ||
| 005 | 20160526132306.0 | ||
| 245 | 1 | 0 | |a Model theory for infinitary logic : |b logic with countable conjunctions and finite quantifiers / |c H. Jerome Keisler. |
| 260 | |a Amsterdam : |b North-Holland, |c 1971. | ||
| 300 | |a x, 208 p. ; |c 23 cm. | ||
| 440 | 0 | |a Studies in logic and the foundations of mathematics ; |v v. 62 | |
| 500 | |a "Based on a course at the University of Wisconsin in the spring of 1969." | ||
| 504 | |a Bibliografía: p. 193-203. | ||
| 510 | 4 | |a MR, |c 49 #8855 | |
| 020 | |a 0720422582 | ||
| 100 | 1 | |a Keisler, H. Jerome. | |
| 084 | |a 03C75 |2 msc2000 | ||
| 010 | |a 79140490 | ||
| 859 | |h 03 |i K27 |p A-4087 |b BIB. MATEMATICA | ||
